Cuentos de miedo : para asustarse de veras /
En este libro van a encontrar historias de terror, llenas de suspenso, de esas que asustan al lector. Y también relatos en los que los personajes tienen más miedo que el lector. Además, hay cuentos para divertirse con el miedo: esos donde los vampiros, los monstruos y las brujas quedan en ridículo y...
Guardado en:
| Autor Principal: | |
|---|---|
| Otros Autores: | , , , , , |
| Formato: | Libro |
| Idioma: | Undetermined |
| Publicado: |
Boulogne :
Estrada,
2015.
|
| Edición: | 3a ed. 1a reimp. |
| Series: | Azulejos. Naranja ;
3 |
| Materias: | |
| Etiquetas: |
Agregar Etiqueta
Sin Etiquetas, Sea el primero en etiquetar este registro!
|
| LEADER | 01442nam a22002775a 4500 | ||
|---|---|---|---|
| 001 | CEM.cems020804 | ||
| 008 | 240221s2015####xx############000#0#und#d | ||
| 005 | 20240221105319.0 | ||
| 245 | 1 | 0 | |a Cuentos de miedo : |b para asustarse de veras / |c Patricia Suárez ... y otros ; con colaboración de Silvia Seoane ; ilustrado por Leo Arias. |
| 250 | |a 3a ed. 1a reimp. | ||
| 260 | |a Boulogne : |b Estrada, |c 2015. | ||
| 300 | |a 80 p. | ||
| 490 | 1 | |a Azulejos. Naranja ; |v 3 | |
| 505 | 0 | |a ¿Qué es el miedo? -- Las historias del miedo -- La calavera / Patricia Suárez -- Sensaciones horribles / Ricardo Mariño -- La mujer del moñito / María Teresa Andruetto -- Flores contra la muerte / Ana María Shúa -- Gato / Laura No -- Actividades | |
| 520 | |a En este libro van a encontrar historias de terror, llenas de suspenso, de esas que asustan al lector. Y también relatos en los que los personajes tienen más miedo que el lector. Además, hay cuentos para divertirse con el miedo: esos donde los vampiros, los monstruos y las brujas quedan en ridículo y nos hacen reír. | ||
| 020 | |a 9789500115896 | ||
| 100 | 1 | |a Suárez, Patricia. | |
| 700 | 1 | |a Mariño, Ricardo. | |
| 700 | 1 | |a Andruetto, María Teresa. | |
| 700 | 1 | |a Shúa, Ana María. | |
| 700 | 1 | |a No, Laura. | |
| 700 | 1 | |a Arias, Leo; il. | |
| 700 | 1 | |a Seoane, Silvia; col. | |
| 653 | |a Antología | ||
| 653 | |a Cuentos | ||
| 859 | |a CEMS |b BIB. CEMS - Inicial y Primaria |h 808.8 |i Su13 |k IP |p 6119 |t Ej.1 | ||
